000 00804nam a2200229 a 4500
005 20250221063812.0
008 040126s2002 mx r 000 0 spa d
020 _a9681335643
035 _aUPN01000131529
049 _aCG
050 4 _aHQ770.4
_bL4.3
100 1 _aLeman, Kevin
245 1 0 _aForme niños razonables sin perder la razón
_cKevin Leman ; tr. Dora Alicia Ventura.
260 _aMéxico :
_bDiana,
_cc2002.
300 _a245 p.
500 _aEn portada dice: ¡Cómo aprovechar las cualidades de los niños sin que se aprovechen de usted!
534 _pTítulo original:
_tMaking children mind whithout losing yours
650 4 _aDisciplina de niños
_914102
650 4 _aCrianza de niños
_96222
650 4 _aPATERNIDAD -
_xASPECTOS RELIGIOSOS -
_xCRISTIANISMO
905 _aLibro
999 _c103684
_d103684